LEADER 02152nam0 22004453i 450 001 RAV0065282 005 20231121125628.0 020 $aIT$b79846 100 $a20060310d1977 ||||0itac50 ba 101 | $aita 102 $ait 181 1$6z01$ai $bxxxe 182 1$6z01$an 200 1 $aLuigi Sturzo$econ 24 tavole fuori testo$fGabriele De Rosa 210 $aTorino$cUnione tipografico-editrice torinese$d[1977] 215 $aXIV, 515 p., [24] c. di tav.$cill.$d24 cm 225 | $a˜La œvita sociale della nuova Italia$v27 312 $aTit. in cop.: Sturzo.$9RAV0074536 410 0$1001CFI0039111$12001 $a˜La œvita sociale della nuova Italia$v27 517 1 $aSturzo.$9RAV0074536 606 $aSturzo, Luigi$2FIR$3RMLC000748$9I 676 $a261.7092$9$v21 676 $a945.09$9$v21 700 1$aDe Rosa$b, Gabriele$f <1917-2009>$3CFIV009595$4070$033637 790 1$aCianda$b, Luciano$3IEIV039402$zDe Rosa, Gabriele <1917-2009> 790 1$aDella Porta$b, Mario$3IEIV039474$zDe Rosa, Gabriele <1917-2009> 801 3$aIT$bIT-01$c20060310 850 $aIT-RM0281 $aIT-RM0542 $aIT-RM0418 $aIT-RM1248 $aIT-FR0084 $aIT-RM0460 $aIT-FR0017 899 $aBIBLIOTECA VALLICELLIANA$bRM0281 899 $aBIBLIOTECA DEL MINISTERO DEGLI AFFARI ESTERI$bRM0542 899 $aBIBLIOTECA ACCADEMIA NAZ. DEI LINCEI E CORSINIANA$bRM0418 899 $aBiblioteca Della Fondazione Pietro Nenni$bRM1248 899 $aBiblioteca Del Monumento Nazionale Di Montecassino$bFR0084 899 $aBiblioteca Dell' Archivio Centrale Dello Stato$bRM0460 899 $aBiblioteca umanistica Giorgio Aprea$bFR0017 $eN 912 $aRAV0065282 950 0$aBiblioteca umanistica Giorgio Aprea$d 52DES 920 Vit.Soc.27$e 52SBA0000155895 VMB RS $fA $h20130530$i20130530$d 52MAG 2/1030$e 52MAG0000168555 VMN RS $fA $h20140704$i20171025 977 $a 08$a 09$a 10$a 23$a 25$a 27$a 52 996 $aLuigi Sturzo$9155109 997 $aUNICAS